Finanční informace = základ kvalifikovaného řízení. Audit a účetnictví.

Rozhovor s Antheou Rose, tajomníčkou ACCA (The Chartered Association of Certified Accountants) so sídlom v Londýne, ktorá napomáha audítingu v ČSFR a pri zakladaní komôr audítorov (overovateľov). Časové predpoklady fungovania komory audítorov. Pomoc pri školení audítorov.

Salvato in:
Dettagli Bibliografici
Autore principale: Rose, A.
Altri autori: Vandurková, N.
Natura: Capitolo di libro
Lingua:ceco
Soggetti:
Tags: Aggiungi Tag
Nessun Tag, puoi essere il primo ad aggiungerne!!

MARC

LEADER 00000naa a2200000 4500
001 r008740
005 20220831083631.5
041 0 |a cze 
044 |a [CS] 
245 1 0 |a Finanční informace = základ kvalifikovaného řízení.  |b Audit a účetnictví.  |c A. Rose, N. Vandurková 
520 |a Rozhovor s Antheou Rose, tajomníčkou ACCA (The Chartered Association of Certified Accountants) so sídlom v Londýne, ktorá napomáha audítingu v ČSFR a pri zakladaní komôr audítorov (overovateľov). Časové predpoklady fungovania komory audítorov. Pomoc pri školení audítorov. 
610 2 0 |a audítorstvo 
610 2 0 |a audítori 
610 2 0 |a ČSFR 
100 1 |a Rose, A. 
700 1 |a Vandurková, N.